000 nam a22 7a 4500
999 _c9157
_d9157
008 180123b ||||| |||| 00| 0 eng d
100 _aNIIT
_95427
245 _aNIIT Group - D, Level -I Class - IX
260 _aNew Delhi
_bSona Publication
_c2005